000 00535cam a2200145 4500500
005 20251012005057.0
041 _afre
042 _adc
100 1 0 _aLeclair, Yves
_eauthor
245 0 0 _aLa Pléiade, Poésie, poétique. Edición de Mireille Huchon. Gallimard, «Bibliothèque de la Pléiade», n.º 671, 2024, 1616 páginas, 75 €.
260 _c2025.
500 _a37
786 0 _nÉtudes | Mai | 5 | 2025-04-24 | p. 130-130
856 4 1 _uhttps://shs.cairn.info/revista-etudes-2025-5-page-130?lang=es&redirect-ssocas=7080
999 _c1516526
_d1516526